|
|
|
|
| LEADER |
00627cam a2200205 7i4500 |
| 001 |
0000017097 |
| 005 |
20170925090000.0 |
| 005 |
##20170925143500.0 |
| 003 |
##MY-KlINT |
| 020 |
# |
# |
|a 9831920848
|
| 039 |
# |
9 |
|a 201709251435
|b AUTHORITY
|y 201511041206
|z VLOAD
|
| 090 |
0 |
0 |
|a 658
|b ZAF
|
| 100 |
1 |
# |
|a Zafir Mohd Makhbul
|
| 245 |
1 |
0 |
|a Mengurus perniagaan /
|c by Zafir Mohd. Makhbul,Mohd Rizal Palil dan Ahmad Khairi.
|
| 260 |
# |
# |
|a Pahang:
|b PTS Publications & Distributors,
|c 2003.
|
| 300 |
# |
# |
|a vi,405p.:
|b ill.;
|c 23cm.
|
| 490 |
0 |
# |
|a Siri profesion
|
| 650 |
# |
0 |
|a Business --
|x Management
|
| 700 |
0 |
# |
|a Mohd. Rizal Palil
|
| 700 |
0 |
# |
|a Ahmad Khairi
|